000 00406nam a22001697a 4500
003 MPLRDC
005 20220104125625.0
008 210129b ||||| |||| 00| 0 eng d
082 _a857.9 XY-25 v.3
100 _a雪雁
245 _a潜龙谜踪. 三
_c
260 _a
_b毅力出版社
_c
300 _b
490 _a雪雁小说专辑. 2
650 _a武侠小说
942 _cBK
_o857.9 XY-25 v.3
999 _c28836
_d28826